000 00729cab a2200229 4500
001 WB2801-63
008 090401t1991 xxu||||| |||| 00| 0 eng d
035 _a(Sirsi) u52775
041 _aeng
245 _aCouncil tax valuations
260 _c1991
350 _a0
490 _aGuardian
_v16 December 1991, 2
490 _aTimes
_v17 December 1991, 5
490 _aDaily Telegraph
_v17 December 1991, 4(3)
520 _aThe valuation of properties for the council tax is already highlighting a number of problems as the valuation rules make no provision for faults in properties.
650 _aRESIDENTIAL PROPERTIES
650 _aREVALUATION
690 _aRATING AND VALUATION
942 _n0
948 _c04/03/1997
999 _c32595
_d32595